01726nam a2200349 i 4500001000700000003000900007005001700016007000300033008004100036016003100077017004900108020001600157035002100173035002700194035002300221040002900244080002100273100005900294245035800353260014400711300006400855336002200919337003000941338002400971600002000995655004801015852010601063903004601169942001801215999001901233952012401252197626ES-MaACL20250805062653.0ta980720s1998 sp | ||| ||spa 7 abimoBNE199818343982SpMaBN aM 8812-1998bOficina Depósito Legal Madrid a84898950157 a(OCoLC)733473812 a(SpMaBN)bimo0000937991 a991039754759708606 aSpMaBNbspacSpMaBNerdc a75 Greco (064.3) aPérez Sánchez, Alfonso E.,d1935-20109240883eorm13aEl Greco, conocido y redescubierto : b1998 : Fundación Fondo de Cultura de Sevilla, Hospital de los Venerables, Sevilla, marzo/abril : Fundación Central Hispano, Salas de Exposiciones, Madrid, mayo/junio : Museo de Bellas Artes de Asturias, Palacio de Velarde, Oviedo, junio/julio / cpreparación, texto y catálogo, Alfonso E. Pérez Sánchez aSevillabFundación Fondo de Cultura de Sevilla ;aMadridbFundaciónCentral Hispano ;aOviedobMuseo de Bellas Artes de Asturiasc[1998] a91 páginasbilustraciones a color y blanco y negroc28 cm 2rdacontentatexto 2rdamediaasin mediación 2rdacarrieravolumen04aEl Greco946893 72tgfbne9193628aCatálogos de exposiciones aES-MaACLcDEPO1jA-15714hDonación: Fernando Codina RodríguezxEncuadernación rústica9206072 aCodina Rodríguez, Fernandoednr9238631 n0cMONOGRAFIA c197626d197626 00102udc4070aATENEOMbATENEOMcDEPO1d2025-06-23eDONACIONl0oA-15714r2025-06-23 00:00:00w2025-06-23yMONOGRAFIA